000 00985nas a2200361 4500
001 BR8806638
003 BR-BrBNA
005 20231205091336.0
007 ta
008 230509b bl.|||p| |||| 00| 00por d
040 _aBR-BrBNA
_bpor
_cBiblioteca Nacional de Agricultura
041 _a(Pt)
072 _aF03; F62
100 1 _aMelo, P.C.T. de
100 1 _aRibeiro, A.
245 1 _aDormencia em sementes de alface
650 _aPRODUCAO VEGETAL
650 _aGERMINACAO
650 _aPODER GERMINATIVO
650 _aINIBIDOR DE GERMINACAO
650 _aCONDICAO AMBIENTAL
650 _aRENDIMENTO
650 _aQUEBRA DA DORMENCIA
650 _aTEMPERATURA
650 _aUMIDADE
650 _aRADIACAO LUMINOSA
650 _aPLANTIO
650 _aSEMENTE
650 _aALFACE
773 0 _tCasa da Agricultura (Brazil)
_xISSN 0100-6541
_g(Mar-Apr 1988), v. 10(2) p. 28-30
_wBR8806638
909 _a202311
_bLúcia
_c55
_dLúcia Elande
942 _2AGRIS
_n0
_cANA
999 _c124460
_d124460